| 000 | 01015nam a2200241Ia 4500 | ||
|---|---|---|---|
| 003 | Ost | ||
| 005 | 20260507075012.0 | ||
| 008 | 260507s9999||||xx |||||||||||||| ||und|| | ||
| 040 | _cfsecg | ||
| 041 | _aara | ||
| 082 | _a350.1 | ||
| 100 |
_aالعكيلي، طارق عبد الحسين _eمؤلف |
||
| 245 | 0 |
_aاقتصاديات الموارد البشرية / _c طارق عبد الحسين العكيلي |
|
| 260 |
_aعمان: _bدار الوراق, _c2007 |
||
| 300 |
_a195 صفحة؛ _c24 سم |
||
| 504 | _aبيبليوغرافيا: ص.193 | ||
| 520 | _aيوجد في هذا الكتاب التنمية الاقتصادية ومشاكل التشغيل، أفاق تخطيط القوئ العاملة في البلاد النامية، آلية توليد الطلب على العمل دراسة تطبيقية. | ||
| 653 | _aادارة الأفراد | ||
| 653 | _aاقتصاد | ||
| 653 | _aالتنمية الاقتصادية | ||
| 653 | _aالقوى العاملة | ||
| 942 | _cكتاب | ||
| 999 |
_c42163 _d42163 |
||